|
|
|
|
| LEADER |
01239nam a2200289 a 4500 |
| 001 |
27032 |
| 008 |
130709s2012 bg w 000 0 mul d |
| 040 |
|
|
|a BD-DhAAL
|c BD-DhAAL
|
| 082 |
0 |
0 |
|a 348.5492/046
|2 22
|
| 130 |
0 |
|
|a Mainstream Law Reports
|9 59247
|
| 245 |
0 |
4 |
|a The Mainstream Law Reports.
|n Volume XVII /
|c founder editor, Khondaker Md. Abu Bakar ; editor, Khondaker Shariful Islam.
|
| 246 |
1 |
7 |
|a Mainstream Law Reports.
|
| 246 |
0 |
|
|a MLR
|
| 260 |
|
|
|a Dhaka :
|b Mainstream Printing and Publications,
|c 2012.
|
| 300 |
|
|
|a v. :
|c 24 cm
|
| 362 |
0 |
|
|a Vol. 17
|
| 500 |
|
|
|a "A monthly legal journal."
|
| 541 |
|
|
|e 27032
|
| 590 |
|
|
|a Published yearly.
|
| 650 |
|
0 |
|a Law reports, digests, etc.
|z Bangladesh.
|
| 700 |
1 |
|
|a Abu Bakar, Khondaker Muhammad.
|9 59442
|
| 700 |
1 |
|
|a Islam, Khondaker Shariful.
|9 59248
|
| 852 |
4 |
|
|a Ayesha Abed Library
|c General Stacks
|
| 942 |
|
|
|2 ddc
|c BK
|
| 999 |
|
|
|c 13655
|d 13655
|
| 952 |
|
|
|0 0
|1 0
|4 0
|6 348_549204600000000_MAI
|7 0
|9 22878
|a BRACUL
|b BRACUL
|c REF
|d 2013-07-09
|l 2
|o 348.5492046 MAI
|p 3010027032
|r 2013-10-05
|s 2013-10-05
|t 1
|w 2013-07-09
|y 1HOUR
|
| 952 |
|
|
|0 0
|1 0
|2 ddc
|4 0
|6 348_549200000000000_046_MAI
|7 0
|9 22879
|a BRACUL
|b BRACUL
|c REF
|d 2013-07-09
|g 1189.00
|l 0
|o 348.5492046 MAI
|p 3010027033
|r 2013-07-09
|t 2
|w 2013-07-09
|y 1HOUR
|